Statistics for Atlanta Hawks Leaders Per Year

Click here to take the quiz!

General Stats

  • This quiz has been taken 1,544 times
    (618 since last reset)
  • The average score is 16 of 82

Answer Stats

Player% Correct
Trae Young
100%
Clint Capela
90%
Dominique Wilkins
87%
Lenny Wilkens
85%
Dejounte Murray
75%
John Collins
72%
Al Horford
70%
Bob Pettit
66%
Joe Johnson
60%
Eddie Johnson
59%
Paul Millsap
59%
Jeff Teague
58%
Josh Smith
53%
Steve Smith
52%
Dikembe Mutombo
51%
Dennis Schroder
38%
Onyeka Okongwu
35%
Kevin Huerter
34%
Dwight Howard
31%
Pete Maravich
27%
Doc Rivers
26%
Lou Hudson
25%
Spud Webb
25%
Dwight Jones
22%
Tree Rollins
20%
Cliff Hagan
18%
Jim Jackson
18%
Stephen Jackson
18%
Kevin Willis
16%
Mookie Blaylock
15%
Shareef Abdur-Rahim
14%
Kent Bazemore
12%
Jason Terry
11%
Moses Malone
11%
Rumeal Robinson
9%
Armond Hill
8%
Dewayne Dedmon
8%
John Drew
8%
Theo Ratliff
8%
Delon Wright
7%
Mike Bibby
7%
Thabo Sefolosha
7%
Zelmo Beaty
7%
Antoine Walker
6%
Bill Bridges
6%
Dan Roundfield
6%
Stacey Augmon
6%
Walt Bellamy
6%
Zaza Pachulia
6%
Christian Laettner
5%
Slater Martin
5%
Jabari Parker
4%
Jon Koncak
4%
Al Harrington
3%
Elton Brand
3%
Grant Long
3%
Tom Henderson
3%
Andrew Lang
2%
Cliff Levingston
2%
Jim Washington
2%
Rory Sparrow
2%
Tyronn Lue
2%
Bob Harrison
1%
Dean Meminger
1%
Dike Eddleman
1%
Frankie Brian
1%
Jack McMahon
1%
Joe Meriweather
1%
Johnny McCarthy
1%
Mel Hutchins
1%
Mike Sojourner
1%
Richie Guerin
1%
Steve Hawes
1%
Walt Hazzard
1%
Bill Tosheff
0%
Cal Christensen
0%
Don Otten
0%
Don Sunderlage
0%
Jack Nichols
0%
Ken Charles
0%
Lew Hitch
0%
Mike Todorovich
0%

Score Distribution

Percentile by Number Answered

Percent of People with Each Score

Your Score History

You have not taken this quiz since the last reset